000 00672nam a2200241Ia 4500
003 OSt
005 20221005092112.0
006 a|||||r|||| 00| 0
007 ta
008 221004b |||||||| |||| 00| 0 eng d
024 _a69017
037 _cTextual
040 _aCRL
_cCRL
_beng
041 _2eng
_aeng
082 _aY:1.5'N, N0
100 _aTismaneanu Vladimir
_916686
245 0 _aIn search of civil society
_b Independent peace movements in the Soviet bloc.
260 _aNew York
_bRoutledge
_c1990
300 _a193p.
_ccm.
650 _aSOCIOLOGY
942 _hY:1.5'N, N0
_cTEXL
_2cc
999 _c998344
_d998344